Cat breed - Statistics

General Stats
  • This quiz has been taken 14 times
  • The average score is 5 of 13
Answer Stats
Picture Answer % Correct
lion
100%
tiger
100%
maine coon
54%
persian
54%
sphynx
54%
ragdoll
46%
siamese
31%
abyssinian
15%
devon rex
15%
oriental shorthair
15%
companion cat
0%
exotic
0%
laperm
0%
No matching quizzes found
Score Distribution
Percent of People with Each Score
Percentile by Number Answered
Your Score History
You have not taken this quiz